Хайди (Запис номер 12764)
[ съкратено ]
| 000 -Лидер | |
|---|---|
| Контролно поле с фиксирана дължина | 01420nam a2200361 c 4500 |
| 003 - Код на организацията, давaща контролен номер | |
| Контролно поле | BLK |
| 005 - Дата и час на последна редакция | |
| Контролно поле | 20191216162938.0 |
| 008 - Елементи от данни с фиксирана дължина | |
| fixed length control field | 180412b bul|||||r ||||||| ||bul|| |
| 010 ## - Наследен системен номер | |
| LC control number | KNG00014376000 |
| 020 ## - Международен стандартен номер на книга ISBN | |
| Международен стандартен номер на книга ISBN | 954-657-073-7 |
| -- | издат.: Пан |
| 040 ## - Източник на каталожния запис | |
| Идентификатор на билиотеката - собственик на записа | BLK |
| 041 ## - Код за език | |
| Код за езика на текст/звукозапис или на отделно заглавие | Български |
| Код за езика КДБФ | Български |
| 080 ## - УДК | |
| Текстов определител УДК | ?Швейцарска литература |
| УДК код - определител по УДК | 830(494) |
| УДК определител | -93-31 |
| УДК - код + определител | 830(494)-93-31 |
| 100 1# - Редна дума - Автор | |
| Автор | Спири, Йохана |
| Авторска отговорност | първи автор |
| R(LIN) | 257772 |
| 139 ## - Редно поле | |
| Редна дума | Спири, Йохана |
| Авторски знак | Спи - С 57 |
| 245 10 - Сведения за заглавието | |
| Заглавие | Хайди |
| Подзаглавни данни | Една история за деца и за тези, които обичат децата |
| Редно поле (дума) | Йохана Спири; прев. от нем. Ваня Пенева. |
| 250 ## - Област на изданието | |
| Сведения за изданието | Ново изд. |
| 257 ## - Страна на издаване | |
| Страна на създаване/издаване | Швеция |
| 260 ## - Област на издателските данни | |
| -- | София |
| Име на издателя, разпространителя и проч. | Пан |
| Година на издаване | 1996 |
| Печатница | В. Търново : Абагар |
| 300 ## - Физическа характеристика | |
| Страници | 191 с. |
| Илюстрации и др. | с ил. |
| Размери/Мащаб | 20 см |
| 380 ## - Жанр | |
| Жанр | Детска худож. лит. |
| 490 1# - СЕРИИ (Колекции) | |
| Име на серия | Вечните детски романи |
| №: серия | 3 |
| 500 ## - Общи забележки | |
| Забележка | Ориг. загл. Heidi's Lehr - und Wanderjahre / Johanna Spyri. - Офс. изд. - 3 000 тир. |
| 653 ## - Ключова дума – ненормативна | |
| Ключова дума | романи |
| 653 ## - Ключова дума – ненормативна | |
| Ключова дума | литература за деца |
| 653 ## - Ключова дума – ненормативна | |
| Ключова дума | детска литература |
| 700 1# - Други автори (авторска отговорност) | |
| Лично име | Пенева, Ваня |
| Автороска отговорност (Описва отношението между автора и произведението) | прев. от нем. |
| 9 (RLIN) | 363385 |
| 852 ## - Местоположение | |
| Форматна сигнатура | Цб 190038 |
| 856 4# - Електронен адрес и достъп | |
| Електронен формат | pdf - файл |
| Път до файла /url/ | |
| 856 4# - Електронен адрес и достъп | |
| Електронен формат | pdf - файл |
| Път до файла /url/ | |
| 942 ## - АРТИКУЛИ | |
| Вид на библиотечния материал | Книги |
| Скрит в OPAC | Не |
| Koha issues (borrowed), all copies | 1 |
| 944 ## - СЪЗДАВАНЕ И РЕДАКЦИЯ на ЗАПИСА | |
| Създаване/Редакция | Създаване |
| Дата на регистрацията/редакция | 15.01.2003 |
| Служител, извършил регистрацията/редакцията | Наталия_Медовщикова |
| 944 ## - СЪЗДАВАНЕ И РЕДАКЦИЯ на ЗАПИСА | |
| Създаване/Редакция | Редакция |
| Дата на регистрацията/редакция | 27.06.2008 |
| Служител, извършил регистрацията/редакцията | |
| 999 ## - СИСТЕМНИ КОНТРОЛНИ НОМЕРА | |
| Koha biblionumber | 12764 |
| Koha biblioitemnumber | 12764 |
| Код за отписване | Код за изгубен артикул | Източник на класификационната схема | Код за повреда | Коз за рестрикции | Код за отдаване | Артикулен № | Име на библиотеката - собственик | Име на библиотеката, в която се намира в момента | Статус (Текущо местоположение) | Дата на вписване в системата | Местоположение - отдел | Цена в лева | Инвентарен номер | Систематично азбучна сигнатура | Баркод | Номер на екземпляра | Цена в евро | Служебна бележка | Служебен тип на артикула | Бележка за публиката |
|---|---|---|---|---|---|---|---|---|---|---|---|---|---|---|---|---|---|---|---|---|
| Не е изгубен | Universal Decimal Classification | Не е повреден | без рестрикции | ползва се в читалня | 22030 | Регионална библиотека "Любен Каравелов" Русе | Регионална библиотека "Любен Каравелов" Русе | Хранилище | 2001-01-01 | Хранилище | 1.02 | 626903 | Цб 190038 | 120000626903 | 1 | 0.52 | Дост: Dp Вид: Д N: 37 Дата: 01.01.1996 | Книги | ||
| Изтеглен | Не е изгубен | Не е повреден | без рестрикции | заемане за дома | 22031 | Регионална библиотека "Любен Каравелов" Русе | Регионална библиотека "Любен Каравелов" Русе | 2001-01-01 | Детски отдел | 7.20 | 631860 | ДХ 820/899/С 57 | 631860 | 2 | 3.68 | Дост: Pk Вид: Ф N: стар фонд Дата: 01.01.1996 Дата инв: 29.09.2015 Бележки инв: Д2015 | Книги | Отч.N: 48/17 , Дата: 06.10.2017 | ||
| Изтеглен | Не е изгубен | Universal Decimal Classification | Не е повреден | без рестрикции | заемане за дома | 22032 | Регионална библиотека "Любен Каравелов" Русе | Регионална библиотека "Любен Каравелов" Русе | Детски отдел | 2001-01-01 | Детски отдел | 1.70 | 631861 | ДХ 820/899/С 57 | 631861 | 3 | 0.87 | Дост: Pk Вид: Ф N: стар фонд Дата: 01.01.1996 Дата инв: 10.08.2015 Бележки инв: Д2015 | Книги |